00618nam a2200241 a 4500001001300000003000900013005001700022008004100039020001000080082001300090100001700103245001600120260002900136300000800165500003500173505001000208650002000218700001700238902000800255942000700263952009300270999001300363nice12345678IN_TiNIC20260116011351.0050524s1931 laha grp 000 0 urd  ac10000a244bDAY aDayal, Chand aDrama Yusuf aLahorebM. K. Khanc1931 a40p aincludes index and biblioraphy2 aIndex aChristian-Drama1 aDayal, Chand bSRS cBK 00104070aHMIbHMId2007-07-05g100.00l0o244 DAYp4461r2007-07-05w2026-01-16yARB c907d907